000 00343 a2200169 4500
001 189388
020 _a978-85-7153-284-7
040 _cMagnum
100 _aJardim, Ana Teresa
240 1 0 _aSacopenapan
_lpor
245 1 0 _aSacopenapan
300 _a96
362 0 _a2012
440 1 _aRHJ
697 _aLITERATURA JUVENIL
942 _cBK
999 _c189388
_d189388